Представление документа в формате MARC21

ПолеНазваниеЗначение
  Тип записи a
  Библиографический уровень m
001 Контрольный номер RU\infra-m\znanium\bibl\2221657
005 Дата корректировки 20260429142240.8
008 Кодируемые данные 250909s2025 RU g rus u
020 Индекс ISBN __
a ISBN 978-5-91768-827-5
020 Индекс ISBN __
a ISBN 978-5-16-114010-9 (электр. издание)
020 Индекс ISBN __
a ISBN 978-5-16-012683-8 (ISBN соиздателя)
040 Источник каталогиз. __
a Служба первич. каталог. Общество с ограниченной ответственностью «ЗНАНИУМ»
041 Код языка издания __
a Код языка текста rus
044 Код страны публикации __
a Код страны публикации RU
080 Индекс УДК __
a Индекс УДК 34.01
084 Индекс другой классификации/Индекс ББК __
2 Источник индекса rubbk
a Индекс другой классификации/Индекс ББК 67.400.6
084 Индекс другой классификации/Индекс ББК __
2 Источник индекса okso
a Индекс другой классификации/Индекс ББК 38.03.04
084 Индекс другой классификации/Индекс ББК __
2 Источник индекса okso
a Индекс другой классификации/Индекс ББК 40.03.01
084 Индекс другой классификации/Индекс ББК __
2 Источник индекса okso
a Индекс другой классификации/Индекс ББК 44.03.05
100 Автор __
a Автор Чиркин В.Е.
q Полное имя Чиркин Вениамин Евгеньевич
u Дополнение Институт государства и права Российской академии наук
245 Заглавие __
a Заглавие Территориальная организация публичной власти
b Продолж. заглавия Монография
c Ответственность Институт государства и права Российской академии наук
250 Сведения об издании __
a Основные сведения об издании 1
260 Выходные данные __
a Место издания Москва
b Издательство ООО "Юридическое издательство Норма"
c Дата издания 2026
300 Физическое описание __
a Объем 208 с.
520 Аннотация __
a Аннотация В книге предлагается единая концепция территориального публичного сообщества (коллектива) территориального публично-правового образования и публичной власти на основе чего рассматриваются взаимосвязи территории на селения и власти. Анализируются особенности государства как уникального публично-правового образования обладающего суверенной публичной властью. Рассматриваются модели и различные формы публично-правового образования—субъекта федерации территориальной автономии муниципального образования общинного публично-правового образования коренного малочисленного народа Европейского Союза а также незавершенные публично-правовые образования и элементы публичноправового образования в некоторых территориальных формированиях населения. Для студентов магистрантов аспирантов преподавателей государствоведения и конституционного права. Может быть использована социологами и политологами.
521 Примеч. о цел. назн. __
a Примеч. о целев. назн. Дополнительное профессиональное образование
650 Тематические рубрики __
a Основная рубрика Право. Юридические науки
x Основная подрубрика Конституционное (государственное) право
655 Указ. предметных рубрик (устаревшее) __
a Жанр/ форма (устаревшее) Монография
856 Электронный адрес документа 4_
a Имя сервера/домена znanium.ru
m Помощь ebs_support@infra-m.ru
n Местонахождение сервера НИЦ ИНФРА-М
u URL https://znanium.ru/catalog/document?id=468875
856 Электронный адрес документа 48
a Имя сервера/домена znanium.ru
d Путь /cover/2221
f Электронное имя 2221657.jpg
q Тип электронного формата image/jpeg
u URL https://znanium.ru/cover/2221/2221657.jpg
911 __
u 0030=https://znanium.ru/catalog/document?id=468875